| 000 | 00624nam a22001937i 4500 | ||
|---|---|---|---|
| 999 |
_c23004 _d23004 |
||
| 003 | AR-CdUCM | ||
| 008 | 240823b20182018 pe||||| |||| 00| 0 spa d | ||
| 020 | _a978-612-319-299-0 | ||
| 040 |
_aMUNICIPALIDAD PROVINCIAL DEL CUSCO _cBIBLIOTECA MUNICIPAL DEL CUSCO |
||
| 082 |
_a869.56 / F54M _bF54M |
||
| 100 |
_aFishman, David _950254 |
||
| 245 |
_aEl Misterio de la luz : _bUna historia de transformación personal / |
||
| 260 |
_aLima : _bEditorial Planeta, _c2018 |
||
| 300 |
_a265 pƔginas. : _c22 cm |
||
| 650 |
_aLiteratura peruana _950255 |
||
| 650 |
_aNovela _950256 |
||
| 942 |
_2ddc _cLIBROS |
||
| 945 |
_apbj _d2024-08-23 |
||